|
|
|
|
| LEADER |
00000nam0a2200000 4500 |
| 001 |
257389 |
| 005 |
20231101233210.0 |
| 035 |
|
|
|a (RuTPU)RU\TPU\book\280186
|
| 090 |
|
|
|a 257389
|
| 100 |
|
|
|a 20140416d1958 k y0rusy50 ca
|
| 101 |
0 |
|
|a rus
|
| 102 |
|
|
|a RU
|
| 105 |
|
|
|a a z 001zy
|
| 200 |
1 |
|
|a Часовые механизмы: теория, расчеты и материалы
|f Научно-исследовательский институт часовой промышленности "НИИЧАСПРОМ" ; под ред. Г. Н. Калганова
|
| 210 |
|
|
|a Москва
|c Машгиз
|d 1958
|
| 215 |
|
|
|a 130 с.
|c ил.
|
| 320 |
|
|
|a Библиогр.: с. 129-130
|
| 606 |
1 |
|
|a Часовые механизмы
|x Детали
|x Технический контроль
|2 stltpush
|3 (RuTPU)RU\TPU\subj\18538
|9 43945
|
| 610 |
1 |
|
|a расчет
|
| 610 |
1 |
|
|a зубья
|
| 610 |
1 |
|
|a зубчатые передачи
|
| 610 |
1 |
|
|a отклонения
|
| 610 |
1 |
|
|a часовые механизмы
|
| 610 |
1 |
|
|a часовые масла
|
| 610 |
1 |
|
|a теория
|
| 675 |
|
|
|a 681.11
|v 3
|
| 702 |
|
1 |
|a Калганов
|b Г. Н.
|4 340
|
| 712 |
0 |
2 |
|a Научно-исследовательский институт часовой промышленности "НИИЧАСПРОМ"
|2 stltpush
|3 (RuTPU)RU\TPU\col\19698
|
| 801 |
|
1 |
|a RU
|b 63413507
|c 20140416
|
| 801 |
|
2 |
|a RU
|b 63413507
|c 20191025
|g RCR
|
| 942 |
|
|
|c BK
|